Matematika : bibliografia slovenskej knižnej literatúry za roky 1945-1972 /

Hlavní autor: Fedor, Michal, 1929-1994
Jazyk: Slovenština
Vydáno: Košice : Štátna vedecká knižnica, 1976
Témata:
Fyzický popis: 295 s.
Knihy
Uloženo v:
LEADER 00810nam a22002052a 4500
001 000414507
003 CZ BrMZK
005 20120629101529.0
007 ta
008 010907s1976 xo f slo d
040 |a BOA001  |b cze 
100 1 |a Fedor, Michal,  |d 1929-1994  |7 ola2002150087  |4 aut 
245 1 0 |a Matematika :  |b bibliografia slovenskej knižnej literatúry za roky 1945-1972 /  |c zostavil Michal Fedor 
260 |a Košice :  |b Štátna vedecká knižnica,  |c 1976 
300 |a 295 s. 
910 |a BOA001  |b PK-0078.489  |b 2-0767.409 
964 |a Matematika - bibliografie slovenské - r.1945-1972 
990 |a BK 
996 6 |b 2619519820  |c 2-0767.409  |l MZK  |r Sklad / do 1 hodiny  |n 0  |w 000414507  |u 000020  |a 1  |e BOA001  |j MZK50  |s P 
996 7 |b 3119822822  |c PK-0078.489  |l MZK  |r Sklad / do 1 hodiny  |n 0  |w 000414507  |u 000010  |a 1  |e BOA001  |j MZK50  |s A